New Zealand Rugby All Blacks - Most Caps by Letter - Statistics

General Stats
  • This quiz has been taken 375 times
    169 since last reset
  • The average score is 13 of 24
Answer Stats
Letter Caps Player % Correct
M 148 Richard McCaw
97%
C 112 Daniel Carter
92%
S 97 Aaron Smith
91%
W 122 Sam Whitelock
89%
N 103 Ma'a Nonu
82%
B 88 Beauden Barrett
81%
R 127 Kieran Read
76%
F 108 Owen Franks
66%
U 74 Tana Umaga
62%
J 79 Ian Jones
52%
K 81 Jerome Kaino
50%
L 63 Jonah Lomu
50%
V 33 Victor Vito
48%
D 66 Israel Dagg
45%
H 83 Andrew Hore
43%
Y 22 Dennis Young
38%
P 64 T.J Perenara
37%
I 33 Rieko Ioane
36%
O 59 Anton Oliver
34%
T 59 Brad Thorn
32%
E 28 Andrew Ellis
27%
A 36 John Afoa
23%
G 29 Sid Going
22%
Q 2 Charles Quaid
18%
No matching quizzes found
Score Distribution
Percent of People with Each Score
Percentile by Number Answered
Your Score History
You have not taken this quiz since the last reset